Statistics for Asian Cities by Country Map Quiz

Click here to take the quiz!

General Stats

  • This quiz has been taken 889 times
  • The average score is 38 of 48

Answers on the Map

Answers color-coded by a green-red scale on the quiz's map according to % correct below.
 

Answer Stats

Answer% Correct
China
88%
Turkey
88%
Mongolia
87%
India
86%
Saudi Arabia
86%
United Arab
Emirates
86%
Yemen
86%
Japan
85%
Cyprus
84%
South Korea
84%
Sri Lanka
84%
Afghanistan
83%
Israel
83%
Laos
83%
Maldives
83%
Bangladesh
82%
Indonesia
82%
Kazakhstan
82%
Kuwait
82%
Bhutan
81%
East Timor
81%
Iran
81%
North Korea
81%
Philippines
81%
Singapore
81%
Taiwan
81%
Azerbaijan
80%
Myanmar
80%
Cambodia
79%
Vietnam
79%
Brunei
78%
Iraq
78%
Malaysia
78%
Pakistan
78%
Nepal
77%
Oman
77%
Syria
77%
Georgia
76%
Bahrain
75%
Jordan
75%
Kyrgyzstan
75%
Thailand
75%
Armenia
74%
Lebanon
74%
Tajikistan
72%
Turkmenistan
71%
Uzbekistan
69%
Qatar
67%

Score Distribution

Percentile by Number Answered

Percent of People with Each Score

Your Score History

You have not taken this quiz